LGDC : Chefs du Clan de l'Ombre - Statistiques

Statistiques générales
  • Ce quiz a été pris 4 fois
  • Le résultat moyen est 8 sur 22
Statistiques - réponses
Chefs % Correct
Etoile de Jais
100%
Etoile de l'Ombre
100%
Etoile du Tigre
100%
Etoile du Tigre
100%
Etoile Noire
100%
Etoile Brisée
75%
Etoile de Cèdre
50%
Etoile Fauve
50%
Etoile Grise
50%
Etoile Jaune
25%
Etoile de Corneille
0%
Etoile d'Ecume
0%
Etoile de Fleur
0%
Etoile de Houx
0%
Etoile de Jonc
0%
Etoile de Lis
0%
Etoile de Neige
0%
Etoile de Serpent
0%
Etoile du Blizzard
0%
Etoile du Limier
0%
Etoile du Matin
0%
Etoile Tachetée
0%
Aucun quiz correspondant
Distribution des résultats
% des personnes avec chaque résultat
Percentile par nombre de réponses
Votre historique - résultats
Vous n’avez pas pris ce quiz